000 00904nam a22002417a 4500
999 _c13659
_d13659
003 AR-CdUCM
008 190416b ||||| |||| 00| 0 spa d
040 _aMUNICIPALIDAD PROVINCIAL DEL CUSCO
_cBIBLIOTECA MUNICIPAL DEL CUSCO
082 _aTS / 372.21 /
_bP83
100 _aPozo Flórez, C. Arturo del
_922169
245 _aUn ensayo de pedagogía experimental :
_bEstudio biotipológico de 83 alumnos del Colegio Nacional de Ciencias del Cuzco /
260 _aCusco :
_bH.G. Rozas,
_c1951.
300 _a188 páginas ;
_c21 cm.
500 _aTesis Universitaria
505 _aContenido: v.3: Un ensayo de Pedagogía experimental.
650 _aCusco
_9772
650 _aTipología
_932158
650 _aEducación
_9460
650 _aColegio Nacional de Ciencias
_932159
710 _aUniversidad Nacional de San Antonio Abad del Cusco,
_915942
942 _2ddc
_cTESIS
945 _acmm
_d2019-04-16